Vysokoškolský systém Rakouska

Historický vývoj a aktuálna situácia vysokého školstva v Rakúsku. Vysokoškolská reforma v 90. rokoch. Študijná reforma. Organizácia umeleckých škôl. Organizácia vysokých odborných škôl. Organizácia riadenia rakúskych vysokých škôl. Riadenie základného výskumu na rakúskych vysokých školách.

Salvato in:
Dettagli Bibliografici
Autore principale: Roth, Oto
Natura: Capitolo di libro
Lingua:ceco
Soggetti:
Tags: Aggiungi Tag
Nessun Tag, puoi essere il primo ad aggiungerne!!

MARC

LEADER 00000naa a2200000 4500
001 r040807
005 20230919103451.3
041 0 |a cze 
044 |a CZ 
245 1 0 |a Vysokoškolský systém Rakouska  |c Oto Roth 
520 |a Historický vývoj a aktuálna situácia vysokého školstva v Rakúsku. Vysokoškolská reforma v 90. rokoch. Študijná reforma. Organizácia umeleckých škôl. Organizácia vysokých odborných škôl. Organizácia riadenia rakúskych vysokých škôl. Riadenie základného výskumu na rakúskych vysokých školách. 
610 2 0 |a školy vysoké 
610 2 0 |a školy vysoké odborné 
610 2 0 |a Rakúsko 
610 2 0 |a politika školská 
610 2 0 |a reformy školské 
610 2 0 |a história 
610 2 0 |a univerzity 
610 2 0 |a výskum základný 
610 2 0 |a výskum vedecký 
100 1 |a Roth, Oto